Cẩm nang chẩn đoán tiêu chuẩn về các bệnh gia súc ở Việt Nam

Cuốn sách đóng góp vào tính hiệu quả và mục tiêu hóa công nghiệp hóa công tác chẩn đoán trong ngành thú y, một nhiệm vụ quan trọng của Viện Thú y quốc gia. Cuốn sách cung cấp về các bệnh truyền nhiễm, không truyền nhiễm ở loài nhai lại, bẹ...

Deskribapen osoa

Gorde:
Xehetasun bibliografikoak
Erakunde egilea: Viện Thú y Quốc gia
Formatua: Liburua
Hizkuntza:Undetermined
Argitaratua: Hà Nội Viện Thú y Quốc gia 2002
Gaiak:
Etiketak: Etiketa erantsi
Etiketarik gabe, Izan zaitez lehena erregistro honi etiketa jartzen!
Thư viện lưu trữ: Trung tâm Học liệu Trường Đại học Cần Thơ
LEADER 01116nam a2200205Ia 4500
001 CTU_127440
008 210402s9999 xx 000 0 und d
082 |a 636.0896 
082 |b V305 
110 |a Viện Thú y Quốc gia 
245 0 |a Cẩm nang chẩn đoán tiêu chuẩn về các bệnh gia súc ở Việt Nam 
245 0 |c Viện Thú y Quốc gia 
260 |a Hà Nội 
260 |b Viện Thú y Quốc gia 
260 |c 2002 
520 |a Cuốn sách đóng góp vào tính hiệu quả và mục tiêu hóa công nghiệp hóa công tác chẩn đoán trong ngành thú y, một nhiệm vụ quan trọng của Viện Thú y quốc gia. Cuốn sách cung cấp về các bệnh truyền nhiễm, không truyền nhiễm ở loài nhai lại, bệnh lợn, bệnh gia cầm, bệnh cỏ ngựa có tầm quan trộn đối với kinh tế. 
650 |a Domestic animals 
650 |x Diseases 
904 |i Hạ Nguyên 
980 |a Trung tâm Học liệu Trường Đại học Cần Thơ